000 01021nam a22002177a 4500
003 OSt
005 20260311000958.0
008 260311b |||||||| |||| 00| 0 eng d
020 _a0448095386
040 _aDWCL GS lib
_cOC
082 _aFic. K26m 1989
100 _aKeene Carolyn
245 _aThe Mystery Of The Fire Dragon
_cCarolyn Keene
260 _aNew York
_bCarolyn Keene
_c1961
300 _aExtent- vii,182 pages:
_billustrations ;
_c20cm
520 _awhere Nancy travels from New York to Hong Kong to find Chi Che Soong, the kidnapped granddaughter of a neighbor. Using a rare fire dragon symbol as a clue, she uncovers an international smuggling ring and rescues Chi Che from a ship
650 _aroactive, courageous, and highly intelligent investigation, contrasting sharply with the chaotic, illegal actions of the criminal, smugglers.
650 _arevolves around themes of justice, loyalty, and the courage to confront danger to protect others.
700 _aCarolyn Keene
942 _2ddc
_cFIC.
_n0
999 _c8894
_d8894